| 000 | 00617nam a2200193Ii 4500 | ||
|---|---|---|---|
| 003 | JO-AjNU | ||
| 008 | 230605s9999||||xx |||||||||||||| ||und|| | ||
| 040 |
_aJO-AjNU _bara _erda _cJO-AjNU |
||
| 041 | _aara | ||
| 050 | 1 | 4 | _aGV1493 1997 |
| 100 | 3 |
_aحمد، حسين, _eauthor _920145 |
|
| 245 | 0 | 0 | _aتسلية ألغاز وحلول، ج3 |
| 264 | 3 | 1 | _aبيروت: دار الفكر العربي للطباعة والنشر، 1997 |
| 300 | _aج3، 183ص | ||
| 336 |
_atext _btxt _2rdacontent |
||
| 337 |
_aunmediated _bn _2rdamedia |
||
| 338 |
_avolume _bnc _2rdacarrier |
||
| 650 | 4 |
_aالغاز واحاجي _920146 |
|
| 999 |
_aA6777 _c10345 _d10345 |
||